000 00610nam a22001577a 4500
003 OSt
005 20150928105409.0
008 150928b xxu||||| |||| 00| 0 eng d
040 _cRUA
082 _aAGR HON 2012 B053 Or.1
100 _91480
_aHONG, SOKLIDA.
245 _athe effects of packaging materials and transportation on tomato quality ( ឥទ្ធិពលនៃបរិក្ខាវេចខ្ចប់ និង​ ការដឹកជញ្ជូនលើគុណភាពប៉េងប៉ោះ)
260 _aPhnom Penh
_bRUA
_c2012
300 _aix, 36p.
_bill.
_c29cm.
942 _2ddc
_cAGR
999 _c1391
_d1391